[Event "Kiev UKR"]
[Site "?"]
[Date "2006.01.26"]
[Round "3"]
[White "Golichenko Ilija"]
[Black "Malienko Alexander"]
[Result "1-0"]
[WhiteElo "2277"]
[BlackElo "2223"]
[PlyCount "43"]
[EventDate "2006.??.??"]
[Source "www.chesslib.no"]
[SourceDate "2004.05.04"]

1. d4 Nf6 2. c4 e5 3. dxe5 Ng4 4. e4 Nxe5 5. f4 Nec6 6. Be3 Bb4+ 7. Nd2 Qe7 8. Bd3 Na6 9. Ngf3 Nc5 10. Qc2 d6 11. O-O Nxd3 12. Qxd3 Bc5 13. Bxc5 dxc5 14. e5 Bd7 15. Ne4 O-O-O 16. Qe3 b6 17. Nc3 Kb8 18. Nd5 Qe8 19. a3 Be6 20. Qe4 Na5 21. f5 Nb7 22. fxe6 1-0

[Event "Le Touquet Open"]
[Site "Le Touquet"]
[Date "1993.??.??"]
[Round "?"]
[White "Merriman, John"]
[Black "Barash, Danny"]
[Result "1-0"]
[WhiteElo "2235"]
[BlackElo "2260"]
[PlyCount "41"]
[EventDate "1993.10.??"]
[Source "www.chesslib.no"]
[SourceDate "2004.05.04"]

1. d4 Nf6 2. c4 e5 3. dxe5 Ng4 4. e4 Nxe5 5. f4 Bb4+ 6. Nc3 Bxc3+ 7. bxc3 Ng6 8. Nf3 d6 9. Bd3 Bg4 10. O-O Nc6 11. Rb1 Rb8 12. Qe1 Qf6 13. Rb5 Bxf3 14. Rxf3 O-O 15. Rg5 Rfe8 16. Rfg3 h6 17. R5g4 Nce7 18. Be3 c5 19. f5 Ne5 20. Rxg7+ Qxg7 21. Bxh6 1-0

[Event "It (Open) Hendersonville USA"]
[Site "?"]
[Date "2006.03.11"]
[Round "1"]
[White "Rupel David G"]
[Black "Ludwig Daniel"]
[Result "0-1"]
[WhiteElo "2138"]
[BlackElo "2356"]
[PlyCount "147"]
[EventDate "2006.??.??"]
[Source "www.chesslib.no"]
[SourceDate "2004.05.04"]

1. d4 Nf6 2. c4 e5 3. dxe5 Ng4 4. e4 Nxe5 5. a3 g6 6. f4 Nec6 7. Nf3 Bg7 8. Bd3 O-O 9. O-O d6 10. h3 Nd7 11. Ra2 Nc5 12. b4 Nxd3 13. Qxd3 f5 14. Ng5 fxe4 15. Qd5+ Kh8 16. Bb2 Qe7 17. Bxg7+ Qxg7 18. Nxe4 Bf5 19. Raf2 Ne7 20. Qd3 Rad8 21. Qf3 d5 22. Ng3 Be6 23. Qe3 Bg8 24. cxd5 a6 25. Nc3 Nxd5 26. Nxd5 Bxd5 27. f5 gxf5 28. Nh5 Qg6 29. Qe5+ Kg8 30. Nf4 Qg7 31. Re1 c6 32. Nh5 Qxe5 33. Rxe5 Rd6 34. Rfxf5 Rxf5 35. Rxf5 Bf7 36. Nf4 Rd2 37. Rg5+ Kf8 38. Re5 Ra2 39. Re3 Bc4 40. Rc3 Bf7 41. Nd3 Bd5 42. Nf4 Bf7 43. Nd3 b6 44. Rxc6 Rxg2+ 45. Kxg2 Bd5+ 46. Kg3 Bxc6 47. Ne5 Bb5 48. Kf4 Ke7 49. Nf3 Bd7 50. h4 Kf6 51. Ne5 Bb5 52. Nf3 Kg6 53. Nd4 Bd7 54. Nf3 Kh5 55. Ne5 Bb5 56. Kg3 a5 57. bxa5 bxa5 58. a4 Bxa4 59. Nc4 Bb3 60. Nxa5 Bd5 61. Kh3 Kg6 62. Kg3 Kf5 63. Kh3 h5 64. Kg3 Ke4 65. Kg2 Kd3+ 66. Kg3 Ke3 67. Kh3 Kf3 68. Kh2 Kg4 69. Kg1 Kxh4 70. Kh2 Kg4 71. Kg1 h4 72. Kh2 h3 73. Kg1 Kg3 74. Nc4 0-1

[Event "Ortigueira"]
[Site "?"]
[Date "2004.08.06"]
[Round "4.10"]
[White "Petkov Vladimir"]
[Black "Pazos Porta Antonio"]
[Result "1-0"]
[WhiteElo "2375"]
[BlackElo "2115"]
[PlyCount "91"]
[EventDate "2004.??.??"]
[Source "www.chesslib.no"]
[SourceDate "2004.05.04"]

1. d4 Nf6 2. c4 e5 3. dxe5 Ng4 4. e4 Nxe5 5. f4 Nec6 6. Nf3 Bc5 7. Nc3 d6 8. Na4 Bb4+ 9. Kf2 O-O 10. a3 Bc5+ 11. Nxc5 dxc5 12. Qxd8 Rxd8 13. Be3 b6 14. Be2 Bb7 15. Rhd1 Nd7 16. e5 Nf8 17. f5 Re8 18. Bf4 g6 19. g4 Rad8 20. h4 Bc8 21. Bd3 Nd4 22. Bg5 Nxf3 23. Bxd8 Nxe5 24. Be2 h5 25. gxh5 Bxf5 26. Bxc7 Ng4+ 27. Bxg4 Bxg4 28. Rd8 Rxd8 29. Bxd8 Ne6 30. Bf6 gxh5 31. b4 Kh7 32. b5 Nf4 33. Ke3 Kg6 34. Kxf4 Kxf6 35. Re1 Bd7 36. a4 Be6 37. Re4 Bd7 38. a5 Bf5 39. Re8 Bd3 40. Ra8 Bxc4 41. Rxa7 Ke6 42. axb6 Kd6 43. Rc7 Bd5 44. Kg5 c4 45. Kxh5 f5 46. Kg5 1-0

[Event "Mar del Plata Open"]
[Site "Mar del Plata ARG"]
[Date "1994.??.??"]
[Round "4"]
[White "Olivares, Danields"]
[Black "Loiterstein, Mariano"]
[Result "0-1"]
[WhiteElo "2235"]
[BlackElo "2255"]
[PlyCount "108"]
[EventDate "1994.04.??"]
[Source "www.chesslib.no"]
[SourceDate "2004.05.04"]

1. d4 Nf6 2. c4 e5 3. dxe5 Ng4 4. e4 Nxe5 5. f4 Nec6 6. a3 Bc5 7. Nf3 a5 8. Nc3 O-O 9. Na4 Ba7 10. c5 Qe7 11. Qd5 Rd8 12. f5 Re8 13. Bd3 Kh8 14. Bf4 Na6 15. Ng5 Rf8 16. Rc1 f6 17. h4 Ne5 18. Bxe5 fxe5 19. Bc4 Nxc5 20. Nxc5 c6 21. Nf7+ Kg8 22. Nh6+ Kh8 23. Nf7+ Kg8 24. Qxe5 Qxc5 25. Nd6+ Kh8 26. Qe7 Qf2+ 27. Kd1 Qd4+ 28. Kc2 Qf6 29. Nf7+ Kg8 30. Nd6+ Kh8 31. Nf7+ Kg8 32. Nd6+ Kh8 33. Qxf6 gxf6 34. g4 b5 35. Ba2 Be3 36. Rcd1 Ra7 37. g5 Kg7 38. Rh3 Bf4 39. Rhd3 Ba6 40. gxf6+ Kxf6 41. b4 a4 42. Rc3 Ke7 43. Rcd3 Kf6 44. Rg1 Rc7 45. e5+ Bxe5 46. Ne4+ Ke7 47. f6+ Ke8 48. f7+ Ke7 49. Rf3 d5 50. Nc5 Bc8 51. Re1 Kd6 52. Rfe3 Re7 53. Nd3 Bf5 54. Kd1 Bf6 0-1

[Event "Budapest HUN"]
[Site "?"]
[Date "1998.??.??"]
[Round "3"]
[White "Bodrogi Laszlo"]
[Black "Kahn Evarth"]
[Result "0-1"]
[WhiteElo "2150"]
[BlackElo "2330"]
[PlyCount "82"]
[EventDate "1998.??.??"]
[Source "www.chesslib.no"]
[SourceDate "2004.05.04"]

1. d4 Nf6 2. c4 e5 3. dxe5 Ng4 4. e4 Nxe5 5. f4 Nec6 6. Be3 Bb4+ 7. Nc3 Qh4+ 8. g3 Bxc3+ 9. bxc3 Qe7 10. Bg2 b6 11. Qd3 Na6 12. Ne2 Bb7 13. Rd1 O-O-O 14. Bd4 f6 15. O-O Kb8 16. Nc1 Nc5 17. Qe3 Nxd4 18. Rxd4 Rhe8 19. Re1 Ne6 20. Rd2 Qc5 21. Qxc5 Nxc5 22. Rd4 Ba6 23. Bh3 Bb7 24. Bg2 Bxe4 25. Bxe4 f5 26. Nd3 Nxe4 27. Ne5 Nxc3 28. Rxd7 Kb7 29. Rxg7 Nxa2 30. Ra1 Rd2 31. c5 b5 32. c6+ Kb6 33. Rxh7 Rc2 34. Rb1 b4 35. Rf7 a5 36. Rxf5 Rd8 37. Nf3 Nc3 38. Re1 b3 39. Ne5 Rd4 40. Nf3 Rb4 41. Re8 b2 0-1

[Event "Sarospatak Open"]
[Site "Sarospatak"]
[Date "1994.??.??"]
[Round "?"]
[White "Husek, Zdenek"]
[Black "Hetenyi, Geza"]
[Result "0-1"]
[WhiteElo "2255"]
[BlackElo "2220"]
[PlyCount "98"]
[EventDate "1994.??.??"]
[Source "www.chesslib.no"]
[SourceDate "2004.05.04"]

1. d4 Nf6 2. c4 e5 3. dxe5 Ng4 4. e4 Nxe5 5. Nf3 Nbc6 6. Be2 Bb4+ 7. Nc3 Bxc3+ 8. bxc3 d6 9. Nd4 Bd7 10. f4 Ng6 11. O-O O-O 12. Bd3 Qf6 13. Be3 Rfe8 14. Rb1 b6 15. Qf3 Rac8 16. Rb5 Nd8 17. Rh5 c5 18. Nf5 Bxf5 19. exf5 Qxc3 20. Rd1 Nf8 21. Bf2 Nc6 22. Rh3 Nb4 23. Qh5 Nxd3 24. Rhxd3 Qb2 25. Rxd6 Re2 26. Qh4 f6 27. g4 Rce8 28. g5 fxg5 29. fxg5 Qe5 30. Qg4 Re4 31. Qh3 Qf4 32. f6 Qg4+ 33. Qxg4 Rxg4+ 34. Bg3 Rxg5 35. Rd8 Rxd8 36. Rxd8 gxf6 37. Kf2 Kf7 38. Ra8 Rg4 39. Rxa7+ Kg6 40. Bc7 Ne6 41. Bxb6 Rxc4 42. a4 Rb4 43. a5 Kf5 44. Rxh7 c4 45. Ke3 Rb3+ 46. Kd2 Ra3 47. Rh4 Nf4 48. Kc2 Ra4 49. Bd8 Nd5 0-1

[Event "It Open"]
[Site "New York, NY USA"]
[Date "1991.??.??"]
[Round "?"]
[White "Southam, David"]
[Black "Shure Gary"]
[Result "1-0"]
[WhiteElo "2200"]
[BlackElo "2265"]
[PlyCount "55"]
[EventDate "1991.??.??"]
[Source "www.chesslib.no"]
[SourceDate "2004.05.04"]

1. d4 Nf6 2. c4 e5 3. dxe5 Ng4 4. e4 Nxe5 5. f4 Nec6 6. Be3 Na6 7. Nc3 Bc5 8. Qd2 d6 9. Nf3 O-O 10. O-O-O Bg4 11. Be2 f5 12. h3 Bxf3 13. Bxf3 fxe4 14. Nxe4 Bxe3 15. Qxe3 Qe7 16. Rhe1 Rae8 17. Qb3 Qf7 18. Kb1 Qxf4 19. Qxb7 Ne5 20. Qxa6 Nxf3 21. gxf3 Qxf3 22. Qa3 Qf5 23. Qd3 Re5 24. Rd2 Rfe8 25. Rde2 c6 26. Kc2 d5 27. cxd5 Rxd5 28. Nf6+ 1-0

[Event "Miskolc Avas op-A"]
[Site "?"]
[Date "2000.06.21"]
[Round "4.6"]
[White "Rat Dan Ovidiu"]
[Black "Nagy Helga"]
[Result "1-0"]
[WhiteElo "2366"]
[BlackElo "2096"]
[PlyCount "83"]
[EventDate "2000.??.??"]
[Source "www.chesslib.no"]
[SourceDate "2004.05.04"]

1. d4 Nf6 2. c4 e5 3. dxe5 Ng4 4. e4 Nxe5 5. f4 Nec6 6. Be3 a5 7. Nf3 Na6 8. Nc3 Bc5 9. Qd2 d6 10. Bd3 Bg4 11. O-O Nab4 12. Bb1 Qd7 13. a3 Na6 14. Bc2 O-O-O 15. Nd5 Bxf3 16. Rxf3 Ne7 17. Qxa5 Nc6 18. Qd2 g5 19. b4 Bxe3+ 20. Qxe3 g4 21. Rff1 Ne7 22. Rac1 Kb8 23. Rfe1 h5 24. Bb3 Nc8 25. Rcd1 c6 26. Nb6 Qe7 27. Nxc8 Rxc8 28. e5 Rhe8 29. Rxd6 h4 30. Red1 Rcd8 31. Qd4 Rxd6 32. Qxd6+ Qxd6 33. Rxd6 Nc7 34. Kf2 Ne6 35. Ke3 Kc7 36. c5 Re7 37. Bd1 b6 38. cxb6+ Kxb6 39. Bxg4 Nc7 40. Bf3 Re6 41. Rxe6 fxe6 42. g4 1-0

[Event "Brasil 500 years"]
[Site "?"]
[Date "2000.04.08"]
[Round "4"]
[White "Matias Italo de Oliveira"]
[Black "Sant'Ana Ricardo"]
[Result "1/2-1/2"]
[WhiteElo "2276"]
[BlackElo "2180"]
[PlyCount "58"]
[EventDate "2000.??.??"]
[Source "www.chesslib.no"]
[SourceDate "2004.05.04"]

1. d4 Nf6 2. c4 e5 3. dxe5 Ng4 4. e4 Nxe5 5. Be2 Nbc6 6. a3 a5 7. f4 Ng6 8. Be3 Bd6 9. Qd2 O-O 10. c5 Be7 11. Nf3 d6 12. cxd6 cxd6 13. Nc3 f5 14. Rd1 fxe4 15. Nxe4 d5 16. Qxd5+ Qxd5 17. Rxd5 Nxf4 18. Bxf4 Rxf4 19. Nc3 Be6 20. Rb5 Rb8 21. Nd5 Bxd5 22. Rxd5 Bf6 23. b3 Rd8 24. Bc4 Rxd5 25. Bxd5+ Kf8 26. a4 Nd4 27. Nxd4 Rxd4 28. Bxb7 Rd3 29. Ke2 Rxb3 1/2-1/2

[Event "Budapest HUN"]
[Site "?"]
[Date "2003.04.07"]
[Round "3"]
[White "Dobos Jozsef"]
[Black "Werner Daniel"]
[Result "0-1"]
[WhiteElo "2271"]
[BlackElo "2184"]
[PlyCount "102"]
[EventDate "2003.??.??"]
[Source "www.chesslib.no"]
[SourceDate "2004.05.04"]

1. d4 Nf6 2. c4 e5 3. dxe5 Ng4 4. e4 Nxe5 5. f4 Nec6 6. a3 a5 7. Be3 Na6 8. Nf3 Bc5 9. Qd2 O-O 10. Bd3 d6 11. Nc3 f5 12. O-O-O h6 13. exf5 Bxf5 14. Bxf5 Rxf5 15. g4 Rf8 16. g5 Bxe3 17. Qxe3 Qe8 18. Qxe8 Raxe8 19. Nd5 Re4 20. Nd2 Re2 21. gxh6 gxh6 22. Rdg1+ Kh7 23. Rg4 Ne7 24. Kd1 Re6 25. Rhg1 Nf5 26. Kc1 c6 27. Nc3 Nc5 28. Kb1 Nd3 29. Nde4 d5 30. cxd5 cxd5 31. Nd2 Nf2 32. R4g2 Nh3 33. Rf1 Ne3 34. Re2 Nxf1 35. Rxe6 Nxd2+ 36. Kc2 Nf3 37. Re3 Rxf4 38. Re7+ Kg6 39. Nxd5 Rf7 40. Re6+ Kg7 41. Rb6 Nxh2 42. Ne3 Nf3 43. Kb1 h5 44. Rb5 Nf4 45. Nf5+ Kg6 46. Nd6 Rd7 47. Nc4 h4 48. Ka2 h3 49. Rb3 h2 50. Rxf3 h1=Q 51. Ne5+ Kf5 0-1

[Event "TSIM, Belgrade YUG"]
[Site "?"]
[Date "2001.??.??"]
[Round "10"]
[White "Jovanovic, ST."]
[Black "Lochte, T."]
[Result "1-0"]
[WhiteElo "2280"]
[BlackElo "2165"]
[PlyCount "117"]
[EventDate "2001.??.??"]
[Source "www.chesslib.no"]
[SourceDate "2004.05.04"]

1. d4 Nf6 2. c4 e5 3. dxe5 Ng4 4. e4 Nxe5 5. f4 Nec6 6. Be3 Na6 7. Nc3 Bc5 8. Bxc5 Nxc5 9. Nf3 d6 10. Bd3 Bg4 11. Bc2 Ne6 12. f5 Ned4 13. O-O Nxf3+ 14. gxf3 Bh3 15. Rf2 Qg5+ 16. Kh1 g6 17. Qg1 Qh6 18. f4 gxf5 19. exf5 O-O-O 20. Qg5 Qxg5 21. fxg5 Rhg8 22. Rf3 Bg4 23. Rg3 Nd4 24. Rxg4 Nxc2 25. Rag1 Ne3 26. Rh4 Nxf5 27. Rxh7 Rg7 28. Rxg7 Nxg7 29. Rf1 Ne6 30. Rf5 Rg8 31. Ne4 Kd8 32. Kg2 Ke7 33. h4 c6 34. Kg3 Ng7 35. Rf2 Rh8 36. Kg4 d5 37. cxd5 cxd5 38. Nf6 d4 39. h5 Ne6 40. Nd5+ Kd6 41. Nf4 Nc5 42. Kf5 Ne6 43. Nxe6 fxe6+ 44. Kg4 e5 45. g6 e4 46. g7 Rg8 47. h6 e3 48. Rf8 e2 49. Rxg8 e1=Q 50. Rd8+ Kc7 51. g8=Q Qe4+ 52. Kg5 Qe3+ 53. Kf5 Qf3+ 54. Ke5 Qe3+ 55. Kd5 Qf3+ 56. Kxd4 Qf2+ 57. Kc3 Qe3+ 58. Rd3 Qe5+ 59. Kb3 1-0

[Event "Nyiregyhaza Open"]
[Site "Nyiregyhaza"]
[Date "1994.??.??"]
[Round "?"]
[White "Mester, Gyula"]
[Black "Dancs, Zsolt"]
[Result "1-0"]
[WhiteElo "2255"]
[BlackElo "2190"]
[PlyCount "87"]
[EventDate "1994.??.??"]
[Source "www.chesslib.no"]
[SourceDate "2004.05.04"]

1. d4 Nf6 2. c4 e5 3. dxe5 Ng4 4. e4 Nxe5 5. f4 Ng6 6. Nf3 Nc6 7. a3 a5 8. Be3 Be7 9. Be2 d6 10. h3 Bh4+ 11. Kf1 Bg3 12. Qd2 O-O 13. f5 Nge5 14. Bg5 f6 15. Bf4 Bxf4 16. Qxf4 Nxf3 17. gxf3 Ne5 18. Nc3 c6 19. Rd1 b6 20. Rg1 Ba6 21. b3 Qe7 22. Qe3 Rfb8 23. Kf2 a4 24. f4 axb3 25. fxe5 dxe5 26. Nb1 b5 27. cxb5 Bxb5 28. Qxb3+ Kh8 29. Bxb5 Rxb5 30. Qc3 Rab8 31. Nd2 Rb2 32. Rb1 Qa7+ 33. Kf3 Ra2 34. Rxb8+ Qxb8 35. Rb1 Qe8 36. Rb2 Qh5+ 37. Kf2 Qh4+ 38. Ke2 Qh5+ 39. Ke1 Ra1+ 40. Nb1 Qh4+ 41. Kd1 Qh5+ 42. Kd2 Qg5+ 43. Qe3 Qg2+ 44. Kc3 1-0

[Event "Rh.Wiedenbrück(12.08.-18.08)"]
[Site "?"]
[Date "2001.08.17"]
[Round "6.2"]
[White "Trommsdorff Friedrich"]
[Black "Packroff Hermann"]
[Result "1/2-1/2"]
[WhiteElo "2196"]
[BlackElo "2248"]
[PlyCount "110"]
[EventDate "2001.??.??"]
[Source "www.chesslib.no"]
[SourceDate "2004.05.04"]

1. d4 Nf6 2. c4 e5 3. dxe5 Ng4 4. e4 Nxe5 5. Nf3 Nxf3+ 6. gxf3 Bb4+ 7. Nd2 Qh4 8. a3 Bc5 9. Qe2 Nc6 10. Nb3 Nd4 11. Nxd4 Bxd4 12. Be3 Bxe3 13. Qxe3 d6 14. f4 O-O 15. Qg3 Qxg3 16. hxg3 Re8 17. Kd2 f5 18. f3 fxe4 19. fxe4 Bg4 20. Bg2 Re7 21. Rae1 Rae8 22. Re3 Bd7 23. e5 Bc6 24. Bxc6 bxc6 25. exd6 cxd6 26. Rxe7 Rxe7 27. Rh5 g6 28. Ra5 Kf7 29. Ra6 Rc7 30. c5 Ke6 31. cxd6 Kxd6 32. Kd3 Kd5 33. Ra5+ Ke6 34. b4 c5 35. bxc5 Kd5 36. Ke3 Rxc5 37. Rxa7 Rc3+ 38. Kf2 Rc2+ 39. Kf3 h5 40. Re7 Ra2 41. Ra7 Ke6 42. Ra5 Kf6 43. a4 Ra3+ 44. Kg2 Ra2+ 45. Kh3 Ra3 46. Ra8 Kf5 47. a5 Ra1 48. a6 Rh1+ 49. Kg2 Ra1 50. a7 Kg4 51. Rg8 Ra2+ 52. Kf1 Rxa7 53. Rxg6+ Kf3 54. Ke1 h4 55. gxh4 Kxf4 1/2-1/2

[Event "Cologne Open 9394"]
[Site "Cologne GER"]
[Date "1994.??.??"]
[Round "9"]
[White "Gebhardt, Ulrich"]
[Black "Koglin, Anke"]
[Result "1/2-1/2"]
[WhiteElo "2240"]
[BlackElo "2200"]
[PlyCount "81"]
[EventDate "1993.12.??"]
[Source "www.chesslib.no"]
[SourceDate "2004.05.04"]

1. d4 Nf6 2. c4 e5 3. dxe5 Ng4 4. e4 Nxe5 5. f4 Nec6 6. a3 a5 7. Be3 Na6 8. Bd3 Bc5 9. Bxc5 Nxc5 10. Bc2 Ne6 11. f5 Ned4 12. Nf3 Nxf3+ 13. Qxf3 Qh4+ 14. g3 Qg5 15. Nc3 O-O 16. Rd1 Ne5 17. Qe2 b6 18. O-O c6 19. b3 Re8 20. Kg2 Ba6 21. Rd6 b5 22. cxb5 Bxb5 23. Nxb5 cxb5 24. h4 Qe7 25. Rfd1 Rac8 26. Bb1 b4 27. axb4 axb4 28. Qb5 Rb8 29. Qd5 Rbc8 30. Bd3 Rc3 31. Kh3 g5 32. f6 g4+ 33. Kg2 Qf8 34. Bb5 Qh6 35. Qd2 Qg6 36. Qg5 Rxb3 37. Bxd7 Rb2+ 38. Kf1 Qxg5 39. hxg5 Nxd7 40. Rxd7 Kf8 41. Rb7 1/2-1/2

[Event "Santiago CHI"]
[Site "?"]
[Date "2005.02.14"]
[Round "1"]
[White "Perez Molina Robinson"]
[Black "Alvarez Emilio"]
[Result "0-1"]
[WhiteElo "2350"]
[BlackElo "2086"]
[PlyCount "106"]
[EventDate "2005.??.??"]
[Source "www.chesslib.no"]
[SourceDate "2004.05.04"]

1. d4 Nf6 2. c4 e5 3. dxe5 Ng4 4. e4 Nxe5 5. Be3 a5 6. f4 Nec6 7. Nf3 Na6 8. Nc3 Bb4 9. Qc2 O-O 10. O-O-O d6 11. f5 f6 12. Na4 b6 13. g4 Qe7 14. g5 Bxf5 15. exf5 Qxe3+ 16. Kb1 fxg5 17. c5 Nxc5 18. Nxc5 Bxc5 19. Bc4+ Kh8 20. Rd3 Qf4 21. a3 Ne5 22. Nxe5 Qxe5 23. Be6 b5 24. Qg2 Rae8 25. Rh3 h6 26. Rh5 Qf6 27. Qg4 b4 28. axb4 axb4 29. h4 gxh4 30. R1xh4 Re7 31. Rg5 Rxe6 32. fxe6 b3 33. Rd5 Qxe6 34. Rd1 Qxg4 35. Rxg4 Rf3 36. Rh1 Kh7 37. Rgh4 Rg3 38. R4h3 Rxh3 39. Rxh3 g5 40. Kc1 Kg6 41. Kd2 h5 42. Ke2 g4 43. Rxb3 Bd4 44. Kd3 Be5 45. Ke4 h4 46. Rb8 g3 47. Kf3 h3 48. Rg8+ Kf5 49. Rf8+ Ke6 50. Rg8 c5 51. b3 g2 52. Rg6+ Kd5 53. Rg5 Kc6 0-1